|
|
|
|
| LEADER |
00000ny a22000003n 4500 |
| 005 |
20110524104824.0 |
| 008 |
050328s2005 sp 000 0 spa d |
| 017 |
|
|
|a D.L. M.7592-2005
|
| 020 |
|
|
|a 8497726081
|
| 035 |
|
|
|a 1250
|
| 040 |
|
|
|a BUS
|d vLex
|
| 040 |
|
|
|a UMA.RE
|d vLex
|
| 080 |
|
|
|a 347.6(460)
|
| 090 |
|
|
|c 191
|d 191
|
| 245 |
0 |
0 |
|a Actualizacin̤ del derecho de familia y sucesiones
|h [Recurso electrn̤ico]
|c Luis Zarraluqui Sǹchez-Eznarriaga ... [et al.]
|
| 256 |
|
|
|a Servicio en ln̕ea
|
| 260 |
|
|
|a Madrid :
|b Dykinson,
|c 2005
|
| 300 |
|
|
|a 190 p. ; 21 cm
|
| 500 |
|
|
|a En portada : Asociacin̤ Espaǫla de Abogados de Familia
|
| 506 |
1 |
|
|a Contenido solo disponible en los productos indicados
|d vLex Global
|d vLex Global (Academic Edition, excluding Law Schools)
|d vLex Global (U.S. Academic Edition, Law Schools)
|d vLex Global (U.S. Academic Edition, excluding Law Schools)
|d vLex Global (Academic Edition, Law Schools)
|
| 650 |
0 |
7 |
|a Familia
|2 Tesauro vLex
|
| 650 |
0 |
7 |
|a Sucesorio
|2 Tesauro vLex
|
| 650 |
0 |
7 |
|a Derecho sucesorio
|2 Tesauro vLex
|
| 700 |
1 |
|
|a Zarraluqui Sǹchez-Eznarriaga, Luis
|
| 710 |
2 |
|
|a Asociacin̤ Espaǫla de Abogados de Familia
|
| 740 |
0 |
|
|a vLex Libros (Servicios en ln̕ea)
|
| 856 |
4 |
0 |
|u http://vlex.com/source/1250
|z Acceso restringido
|
| 942 |
|
|
|c BOOK
|
| 999 |
0 |
|
|a Inheritance and succession
|b Madrid
|
| 999 |
0 |
|
|a Family
|b Madrid
|